000 00501nam a2200169 4500
001 121914
003 ES-MaACL
005 20230906191850.0
007 t|
008 070214s1969 sp r ||||1| cat d
100 1 _aPoblet, Josep María.
_992690
245 1 0 _aCatalunya 1833-1913
_b: una panorámica amb el teatre i els jocs florals /
_cJosep María Poblet.
250 _a1ª ed.
260 _aBarcelona :
_bPortic,
_c1969.
300 _a191 p. ;
_c18 cm.
852 _aES-MaACL
_jC-52231
_bR.71381
999 _c121914
_d121914